[Event "Cannes op"]
[Site "Cannes"]
[Date "1990.??.??"]
[Round "9"]
[White "Maksimovic, Suzana"]
[Black "Moal, Alain"]
[Result "1-0"]
[WhiteElo "2280"]
[BlackElo "2060"]

1.d4 Nf6 2.c4 g6 3.Nc3 d5 4.cxd5 Nxd5 5.e4 Nxc3 6.bxc3 Bg7 7.Bc4 c5 8.Ne2 O-O
9.Be3 Nc6 10.O-O Qc7 11.Rc1 Rd8 12.Qd2 Qa5 13.Qb2 Bd7 14.Rfd1 b5 15.Bd5 e6
16.Bb3 cxd4 17.cxd4 Rac8 18.Bg5 Re8 19.h4 Qb6 20.h5 Na5 21.h6 Bh8 22.Be3 Nc4
23.Bxc4 Rxc4 24.e5 f6 25.Ng3 Qc7 26.Ne4 Rf8 27.Nd6 fxe5 28.Nxc4 bxc4 29.dxe5 Ba4
30.Re1 Bxe5 31.Bd4 Bf4 32.Rc3 Bxh6 33.Rh3 Bg5 34.Qe2 Bd7 35.Rc3 Rc8 36.Rb1 Qd6
37.Rxc4 Rxc4 38.Qxc4 Bc6 39.Bxa7 Bf4 40.Bb8  1-0

[Event "Cannes op"]
[Site "Cannes"]
[Date "1990.??.??"]
[Round "9"]
[White "Andruet, Gilles"]
[Black "Anic, Darko"]
[Result "0-1"]
[WhiteElo "2355"]
[BlackElo "2405"]

1.d4 Nf6 2.c4 g6 3.Nc3 d5 4.cxd5 Nxd5 5.e4 Nxc3 6.bxc3 Bg7 7.Bc4 c5 8.Ne2 Nc6
9.Be3 O-O 10.Rc1 Qc7 11.h4 Na5 12.Bd3 h5 13.e5 Nc6 14.Nf4 Rd8 15.Nxh5 Bxe5
16.dxe5 Bf5 17.e6 Rxd3 18.exf7+ Kf8 19.Qf3 Ne5 20.Qf4 Rxe3+ 21.Kf1 Re4  0-1

[Event "JUG-chT Cetinje"]
[Site "Cetinje"]
[Date "1990.??.??"]
[Round "2"]
[White "Maksimovic, Branimir"]
[Black "Ilincic, Zlatko"]
[Result "1/2-1/2"]
[WhiteElo "2365"]
[BlackElo "2490"]

1.d4 Nf6 2.c4 g6 3.Nc3 d5 4.cxd5 Nxd5 5.e4 Nxc3 6.bxc3 Bg7 7.Bc4 O-O 8.Ne2 c5
9.O-O Nc6 10.Be3 Bg4 11.f3 Na5 12.Bd3 cxd4 13.cxd4 Be6 14.Rc1 Bxa2 15.d5 e6
16.Qa4 Bb3 17.Qb4 exd5 18.Rc5 Bc4 19.Rxa5 Bxd3 20.Rxd5 Bxe2 21.Rxd8 Rfxd8
22.Re1 a5 23.Qxb7  1/2-1/2

[Event "JUG-chT Cetinje"]
[Site "Cetinje"]
[Date "1990.??.??"]
[Round "4"]
[White "Zivkovic, Milan"]
[Black "Krnic, Zdenko"]
[Result "0-1"]
[WhiteElo "2320"]
[BlackElo "2450"]

1.d4 Nf6 2.c4 g6 3.Nc3 d5 4.cxd5 Nxd5 5.e4 Nxc3 6.bxc3 Bg7 7.Bc4 O-O 8.Be3 Nc6
9.Nf3 b6 10.Qd2 Na5 11.Bd3 c5 12.Bh6 cxd4 13.Bxg7 Kxg7 14.cxd4 Bg4 15.Be2 Rc8
16.O-O Bxf3 17.Bxf3 Nc4 18.Qd1 e5 19.dxe5 Qg5 20.Be2 Qxe5 21.Qd5 Qxd5 22.exd5 Nd6
23.Rfc1 Rc5 24.Rxc5 bxc5 25.Rc1 Rb8 26.Kf1 Rb2 27.Ke1 Rxa2 28.Rxc5 Ra1+ 29.Bd1 Kf6
30.Rc7 Ke5 31.Kd2 Ne4+ 32.Ke2 Ra2+ 33.Ke1 Nxf2 34.Bf3 f5 35.Rxh7 Ne4 36.Rg7 Kxd5
37.Rxg6 Kd4 38.Rg8 a5 39.Rd8+ Ke3 40.Kd1 Ng5 41.Re8+ Ne4 42.h4 a4 43.h5 a3
44.h6 Rd2+ 45.Kc1 a2 46.Ra8 Nc5 47.Rxa2 Rxa2  0-1

[Event "JUG-chT Cetinje"]
[Site "Cetinje"]
[Date "1990.??.??"]
[Round "4"]
[White "Miladinovic, Igor"]
[Black "Panzalovic, Srdjan"]
[Result "1/2-1/2"]
[WhiteElo "2360"]
[BlackElo "2325"]

1.d4 Nf6 2.c4 g6 3.Nc3 d5 4.cxd5 Nxd5 5.e4 Nxc3 6.bxc3 Bg7 7.Bc4 c5 8.Ne2 Nc6
9.Be3 O-O 10.O-O Bg4 11.f3 Na5 12.Bd3 cxd4 13.cxd4 Be6 14.Rc1 Bxa2 15.Qa4 Be6
16.d5 Bd7 17.Qb4 e6 18.Bf4 Rc8 19.Bd6 Re8 20.Rxc8 Bxc8 21.Rc1  1/2-1/2

[Event "JUG-chT Cetinje"]
[Site "Cetinje"]
[Date "1990.??.??"]
[Round "6"]
[White "Maric, Alisa"]
[Black "Veroci, Zsuzsa"]
[Result "1/2-1/2"]
[WhiteElo "2365"]
[BlackElo "2315"]

1.d4 Nf6 2.c4 g6 3.Nc3 d5 4.cxd5 Nxd5 5.e4 Nxc3 6.bxc3 Bg7 7.Bc4 O-O 8.Ne2 Nc6
9.O-O b6 10.Be3 Bb7 11.Qd2 Na5 12.Bd3 c5 13.Bh6 cxd4 14.Bxg7 Kxg7 15.cxd4 Rc8
16.Rac1 Qd7 17.Qf4 Rxc1 18.Rxc1 Rc8 19.Rxc8 Bxc8 20.h4 h5 21.Qg5 f6 22.Qg3 Qg4
23.Qc7 Qd7 24.Qc2 Qc6 25.Qb1 Qd6 26.Qc2 Qc6 27.Nc3 Bb7 28.f3 Qd6 29.Ne2  1/2-1/2

[Event "JUG-chT Cetinje"]
[Site "Cetinje"]
[Date "1990.??.??"]
[Round "6"]
[White "Stamenkovic, Zoran"]
[Black "Panzalovic, Srdjan"]
[Result "1/2-1/2"]
[WhiteElo "2290"]
[BlackElo "2325"]

1.d4 Nf6 2.c4 g6 3.Nc3 d5 4.cxd5 Nxd5 5.e4 Nxc3 6.bxc3 Bg7 7.Bc4 c5 8.Ne2 Nc6
9.Be3 O-O 10.O-O Bg4 11.f3 Na5 12.Bd3 cxd4 13.cxd4 Be6 14.Rc1 Bxa2 15.d5 Bb3
16.Qe1 e6 17.Qb4 exd5 18.Rc5 Bc4 19.Bxc4 Nxc4 20.Rxd5 Qxd5  1/2-1/2

[Event "Cheliabinsk-A"]
[Site "Cheliabinsk"]
[Date "1990.??.??"]
[Round "?"]
[White "Maksimovic, Branimir"]
[Black "Dvoirys, Semen I"]
[Result "1-0"]
[WhiteElo "2375"]
[BlackElo "2555"]

1.d4 Nf6 2.c4 g6 3.Nc3 d5 4.cxd5 Nxd5 5.e4 Nxc3 6.bxc3 Bg7 7.Bc4 c5 8.Ne2 Nc6
9.Be3 cxd4 10.cxd4 O-O 11.O-O Na5 12.Bd3 e6 13.Qd2 b6 14.Bh6 Bxh6 15.Qxh6 Bb7
16.e5 Qe7 17.Nf4 f5 18.Rfe1 Rad8 19.Re3 Rf7 20.Rg3 Rg7 21.h4 Bd5 22.Bb5 a6
23.Bxa6 Nc6 24.h5 g5 25.Nxd5 Rxd5 26.Bc4 Nxd4 27.Bxd5 exd5 28.Rd3 Qxe5 29.Rxd4 Qxd4
30.Qe6+ Kh8 31.Rc1 Rg8 32.h6 f4  1-0

[Event "Cheliabinsk-A"]
[Site "Cheliabinsk"]
[Date "1990.??.??"]
[Round "?"]
[White "Enhbat, P."]
[Black "Lhagvasuren, Cedendemberel"]
[Result "0-1"]
[WhiteElo "2200"]
[BlackElo "2385"]

1.d4 Nf6 2.c4 g6 3.Nc3 d5 4.cxd5 Nxd5 5.e4 Nxc3 6.bxc3 Bg7 7.Nf3 c5 8.Rb1 O-O
9.Be2 Nc6 10.d5 Ne5 11.Nxe5 Bxe5 12.Qd2 e6 13.f4 Bg7 14.c4 Qe8 15.e5 f6 16.exf6 Bxf6
17.Bb2 exd5 18.cxd5 Bg4 19.Bxf6 Rxf6 20.Rxb7 Rxf4 21.Qb2 Rd4 22.d6 Bxe2 23.Re7 Qa4
24.Kxe2 Qa6+ 25.Ke1 Qxd6 26.Qe2 Rd1+ 27.Qxd1 Qxe7+ 28.Qe2 Qf7 29.Qf3 Re8+
30.Kf2 Qxa2+ 31.Kg3 Qd2  0-1

[Event "Copenhagen op"]
[Site "Copenhagen"]
[Date "1990.??.??"]
[Round "1"]
[White "Peicheva Hansen, Evgenia"]
[Black "Fedder, Steen"]
[Result "0-1"]
[WhiteElo "2190"]
[BlackElo "2400"]

1.d4 Nf6 2.c4 g6 3.Nc3 d5 4.cxd5 Nxd5 5.e4 Nxc3 6.bxc3 Bg7 7.Bc4 c5 8.Ne2 O-O
9.O-O Nc6 10.Be3 Qc7 11.Rc1 Rd8 12.Bd3 e6 13.f4 cxd4 14.cxd4 Qe7 15.Bb5 Bd7
16.Bxc6 Bxc6 17.Qc2 Rac8 18.Rfd1 b5 19.Qb1 Qb7 20.Ng3 h5 21.d5 exd5 22.e5 d4
23.Rxd4 h4 24.Ne2 Bxg2 25.Rxc8 Rxc8 26.Rd2 Qf3 27.Qe1 Qxe3+ 28.Kxg2 Bf8 29.Qd1 h3+  0-1

[Event "Obro-A"]
[Site "Copenhagen"]
[Date "1990.??.??"]
[Round "5"]
[White "Tischbierek, Raj"]
[Black "Hutters, Tomas"]
[Result "1/2-1/2"]
[WhiteElo "2495"]
[BlackElo "2355"]

1.d4 Nf6 2.c4 g6 3.Nc3 d5 4.cxd5 Nxd5 5.e4 Nxc3 6.bxc3 Bg7 7.Bc4 c5 8.Ne2 Nc6
9.Be3 O-O 10.O-O Bg4 11.f3 Na5 12.Bd3 cxd4 13.cxd4 Be6 14.Rc1 Bxa2 15.Qa4 Be6
16.d5 Bd7 17.Qb4  1/2-1/2

[Event "Daugavpils"]
[Site "Daugavpils"]
[Date "1990.??.??"]
[Round "?"]
[White "Shirov, Alexei"]
[Black "Piesina, Gintautas"]
[Result "1-0"]
[WhiteElo "2500"]
[BlackElo "2420"]

1.d4 Nf6 2.c4 g6 3.Nc3 d5 4.cxd5 Nxd5 5.e4 Nxc3 6.bxc3 Bg7 7.Bc4 O-O 8.Ne2 c5
9.Be3 Nc6 10.Rc1 cxd4 11.cxd4 Qa5+ 12.Kf1 Bd7 13.h4 Rac8 14.h5 e5 15.hxg6 hxg6
16.d5 Nd4 17.Nxd4 exd4 18.Bd2 Qb6 19.Kg1 Rfe8 20.Rb1 Ba4 21.Qf1 Qc5 22.Bd3 Qa3
23.Rxb7 Rc3 24.Bxc3 dxc3 25.Qb1 Bd4 26.Rh3 Qc5 27.Qb4 Bxf2+ 28.Kf1 c2 29.Qxc5 Bxc5
30.Bxc2 Bxc2 31.Rc3 Bb6 32.Rxc2 Rxe4 33.d6 Rd4 34.d7 Kg7  1-0

[Event "Debrecen"]
[Site "Debrecen"]
[Date "1990.??.??"]
[Round "9"]
[White "Horvath, Jozsef"]
[Black "Kindermann, Stefan"]
[Result "1/2-1/2"]
[WhiteElo "2525"]
[BlackElo "2560"]

1.d4 Nf6 2.c4 g6 3.Nc3 d5 4.cxd5 Nxd5 5.e4 Nxc3 6.bxc3 Bg7 7.Bc4 O-O 8.Ne2 b6
9.O-O Bb7 10.f3 Nc6 11.Be3 Na5 12.Bd3 c5 13.Rc1 cxd4 14.cxd4  1/2-1/2

[Event "Dortmund-A"]
[Site "Dortmund"]
[Date "1990.??.??"]
[Round "?"]
[White "Browne, Walter S"]
[Black "Kindermann, Stefan"]
[Result "1/2-1/2"]
[WhiteElo "2560"]
[BlackElo "2560"]

1.d4 Nf6 2.c4 g6 3.Nc3 d5 4.cxd5 Nxd5 5.e4 Nxc3 6.bxc3 Bg7 7.Bc4 O-O 8.Ne2 b6
9.Bg5 Bb7 10.Bd3 Nc6 11.O-O Qd7 12.Qd2 Na5 13.Rad1 c5 14.d5 e6 15.c4 Ba6
16.Qc2 exd5 17.exd5 Rfe8 18.Ng3 Qg4 19.Bd2 Bxc4 20.Bxa5 Bxd3 21.Rxd3 c4 22.Rc3 bxa5
23.Rxc4 Rac8 24.Rc6 Rcd8 25.Rd1 Bd4 26.d6 Re6 27.Kh1 Rexd6 28.Rxd6 Rxd6 29.Ne4 Rc6
30.Qd3 Be5 31.Qd5 Rc8 32.h3 Qf4 33.g3 Qf3+ 34.Kg1 Bg7 35.Re1 a4 36.Qd7 Rf8
37.Qxa4 Qf5 38.h4 a5 39.Ng5 h6 40.Ne4 Kh8 41.Nd6 Qd5 42.Rd1 Qf3  1/2-1/2

[Event "ESP-chT"]
[Site "?"]
[Date "1990.??.??"]
[Round "?"]
[White "Bellon Lopez, Juan Manuel"]
[Black "De la Villa Garcia, Jesus Maria"]
[Result "1/2-1/2"]
[WhiteElo "2445"]
[BlackElo "2450"]

1.d4 Nf6 2.c4 g6 3.Nc3 d5 4.cxd5 Nxd5 5.e4 Nxc3 6.bxc3 Bg7 7.Qa4+ Qd7 8.Qxd7+ Bxd7
9.Ba3 b6 10.Rc1 c5 11.Bc4 Nc6 12.dxc5 Ne5 13.Be2 Bc6 14.Nf3 Nd7 15.Nd4 Bxe4
16.f3 Bd5 17.Bb5 bxc5 18.Nb3 Rc8 19.Nxc5 Bc6 20.Ba6 Rc7 21.O-O Nxc5 22.Bxc5 Ba4
23.Be3 O-O 24.c4 Bb2 25.Rb1 Ba3 26.Rb7 Rxb7 27.Bxb7 Rb8 28.Be4 Rc8 29.Bxa7 Rxc4
30.Rb1 Bc6 31.Rb8+ Kg7 32.Rc8 Ra4 33.Bxc6 Rxa7 34.Ra8 Bc5+  1/2-1/2

[Event "ESP-ch"]
[Site "ESP"]
[Date "1990.??.??"]
[Round "2"]
[White "De la Cruz Lopez, Jesus"]
[Black "De la Villa Garcia, Jesus Maria"]
[Result "1/2-1/2"]
[WhiteElo "2310"]
[BlackElo "2475"]

1.d4 Nf6 2.c4 g6 3.Nc3 d5 4.cxd5 Nxd5 5.e4 Nxc3 6.bxc3 Bg7 7.Nf3 c5 8.Rb1 Nc6
9.d5 Bxc3+ 10.Bd2 Bxd2+ 11.Qxd2 Nd4 12.Nxd4 cxd4 13.Qxd4 O-O 14.Bc4 e5 15.Qd2 Qd6
16.O-O b6 17.Kh1 Bb7 18.f4 Rac8 19.Be2 exf4 20.Rxf4 Rc2 21.Qxc2 Qxf4 22.Rf1 Qe5
23.Bc4 Kg7 24.h3 h5 25.Qd3 Re8 26.Ba6 Bxa6 27.Qxa6 Re7 28.Qc8 Qd4 29.Qd8 Rxe4
30.Qd7 Rf4 31.Rxf4 Qxf4 32.Qxa7 Qf1+  1/2-1/2

[Event "AUT-ch sf"]
[Site "Finkenstein"]
[Date "1990.??.??"]
[Round "?"]
[White "Schuh, Franz"]
[Black "Topakian, Raffi"]
[Result "1/2-1/2"]
[WhiteElo "2300"]
[BlackElo "2230"]

1.d4 Nf6 2.c4 g6 3.Nc3 d5 4.cxd5 Nxd5 5.e4 Nxc3 6.bxc3 Bg7 7.Be3 c5 8.Bc4 O-O
9.Ne2 Nc6 10.O-O Bg4 11.f3 Bd7 12.Qd2 Qa5 13.Rad1 cxd4 14.cxd4 Rac8 15.Qxa5 Nxa5
16.Bd3 Nc4 17.Bxc4 Rxc4 18.Rc1 Rfc8 19.Kf2 e6 20.Rxc4 Rxc4 21.Rc1 Rxc1 22.Nxc1 Bb5
23.Ke1 Bf8 24.g3 b6 25.Kd2 Bb4+ 26.Kc2 Ba4+ 27.Kd3 Bb5+ 28.Kc2 Kf8 29.Bd2 Bd6
30.Bf4 Bxf4 31.gxf4 Ke7 32.Kc3 Kd6 33.Nb3 Be2 34.Nd2 Kc6 35.e5 h6 36.h4 a6
37.Ne4 Bxf3 38.Nd6 h5 39.Nxf7 Bg4 40.Nd6 Bf5 41.Ne8 a5 42.Nf6 b5  1/2-1/2

[Event "Forli op"]
[Site "Forli"]
[Date "1990.??.??"]
[Round "7"]
[White "Bode, Ulf"]
[Black "Stelzer, Harald"]
[Result "1-0"]
[WhiteElo "2235"]
[BlackElo "2240"]

1.d4 Nf6 2.c4 g6 3.Nc3 d5 4.cxd5 Nxd5 5.e4 Nxc3 6.bxc3 Bg7 7.Bc4 c5 8.Ne2 O-O
9.Be3 Nc6 10.Rc1 Qc7 11.h4 Rd8 12.h5 e6 13.hxg6 hxg6 14.Qd2 Na5 15.Bh6 f5
16.Bxg7 Qxg7 17.Qg5 Bd7 18.Rh6 Kf7 19.exf5 Nxc4 20.fxg6+ Kg8 21.Rh7 Qf8 22.Qh4 Qf5
23.Nf4 cxd4 24.Rh8+  1-0

[Event "Frankfurt"]
[Site "Frankfurt"]
[Date "1990.??.??"]
[Round "?"]
[White "Zsinka, Laszlo"]
[Black "Gutman, Lev"]
[Result "1/2-1/2"]
[WhiteElo "2370"]
[BlackElo "2475"]

1.d4 Nf6 2.c4 g6 3.Nc3 d5 4.cxd5 Nxd5 5.e4 Nxc3 6.bxc3 Bg7 7.Be3 c5 8.Qd2 O-O
9.d5 Qa5 10.Rc1 e6 11.c4 Qa3 12.Nf3 Na6 13.Be2 b6 14.Bh6 Nb4 15.Bxg7 Kxg7
16.O-O exd5 17.cxd5 Re8 18.Qf4 a6 19.Ne5 Ra7 20.Nc4 Qxa2 21.Nd6 Rf8 22.Bc4 Qb2
23.e5 b5 24.Rb1 Qa3 25.Ra1 Qc3 26.Nxb5 axb5 27.Rxa7 Bf5 28.Bxb5 Nxd5 29.Qc1 Qxe5
30.Qa1 Qf6 31.Qxf6+ Kxf6 32.Bc4 Nf4 33.Rc7 Bd3 34.Bxd3 Nxd3 35.Rd1 Rb8 36.h3 Rb3
37.Rd7 c4 38.Rc7 Rc3 39.Ra1 Rc2 40.Ra4 Rxf2 41.Raxc4 Rb2 42.Rc2 Rb1+ 43.Kh2 g5
44.Rd2 Rb3 45.Re2 Rb5 46.Rc6+ Kg7 47.Rec2 h6 48.R6c3 Nf4 49.Rc7 Ne6 50.Ra7 Kg6
51.Rf2 f6 52.Ra6 Re5 53.Rd2 f5 54.Kg1 g4 55.h4 f4 56.Kf1 Kf5 57.Re2 Rxe2
58.Kxe2 g3 59.Rd6 Ke5 60.Rd7 Nd4+ 61.Kf1 Nf5 62.h5 Kf6 63.Ke2 Kg5 64.Rd8 Nh4
65.Rd5+  1/2-1/2

[Event "Frankfurt"]
[Site "Frankfurt"]
[Date "1990.??.??"]
[Round "?"]
[White "Zsinka, Laszlo"]
[Black "Kozul, Zdenko"]
[Result "0-1"]
[WhiteElo "2370"]
[BlackElo "2575"]

1.d4 Nf6 2.c4 g6 3.Nc3 d5 4.cxd5 Nxd5 5.e4 Nxc3 6.bxc3 Bg7 7.Be3 c5 8.Rc1 Qa5
9.Qd2 cxd4 10.cxd4 Qxd2+ 11.Bxd2 O-O 12.d5 e6 13.Bb5 Bd7 14.Bxd7 Nxd7 15.dxe6 Ne5
16.Ke2 fxe6 17.f4 Nc6 18.Nf3 e5 19.fxe5 Nxe5 20.Rc7 Rf7 21.Rhc1 Nc6 22.Rxf7 Kxf7
23.Bc3 Bxc3 24.Rxc3 Kf6 25.Ke3 Rd8 26.Rc1 h6 27.h3 Rd7 28.a3 Ke6 29.Rb1 b6
30.Rc1 Na5 31.Rc3 Rd1 32.Rc7 a6 33.Rc3 b5 34.Nd4+ Kd6 35.e5+ Kxe5 36.Nc6+ Nxc6
37.Rxc6 Rd6 38.Rc5+ Ke6 39.Rc8 Kd5 40.Rh8 h5 41.Kd3 Ke5+ 42.Ke3 Rc6 43.Re8+ Kf5
44.Kd4 Rc4+ 45.Kd5 Rc3 46.Re5+ Kf4 47.Re6 Rxa3 48.Rxg6 a5 49.Rh6 Kg5 50.Rh8 a4
51.g4 hxg4 52.Rg8+ Kf6 53.hxg4 Ra1 54.Kc5 Rb1 55.g5+ Kf5 56.g6 Kf6 57.g7 Kf7
58.Ra8 Kxg7 59.Ra6 Rb3 60.Kd4 a3  0-1

[Event "Frankfurt"]
[Site "Frankfurt"]
[Date "1990.??.??"]
[Round "?"]
[White "Epishin, Vladimir"]
[Black "Gutman, Lev"]
[Result "1-0"]
[WhiteElo "2550"]
[BlackElo "2475"]

1.d4 Nf6 2.c4 g6 3.Nc3 d5 4.cxd5 Nxd5 5.e4 Nxc3 6.bxc3 Bg7 7.Be3 c5 8.Qd2 Qa5
9.Rb1 a6 10.Rc1 Nd7 11.Nf3 O-O 12.Bd3 Nb6 13.Bh6 cxd4 14.Bxg7 Kxg7 15.cxd4 Qxd2+
16.Kxd2 Rd8 17.Rc7 Kf8 18.Rb1 Nd7 19.a4 b6 20.Ke3 Rb8 21.Ra7 h6 22.h4 f5
23.exf5 gxf5 24.Bxf5 Nf6 25.Bd3 Ng4+ 26.Ke2 Bb7 27.Bxa6 Bxf3+ 28.Kxf3 Rxd4
29.a5 Ne5+ 30.Kg3 Rd6 31.Be2 Kf7 32.Rb5 Nc6 33.Bc4+ Kf6 34.Rxb6 Rc8 35.Raa6 Ke5
36.Kh3 Nd4 37.Rxd6 exd6 38.Bf7 Rc2 39.f4+ Kxf4 40.Rxd6 Rc3+ 41.Kh2 Nf5 42.Rd2 Ne3
43.Rf2+ Ke5 44.Rf3 Ra3 45.Be8 Ke4 46.Bc6+ Ke5 47.a6 Kd6 48.Rxe3  1-0

[Event "Troll Masters"]
[Site "Gausdal"]
[Date "1990.??.??"]
[Round "2"]
[White "Shirov, Alexei"]
[Black "Ostenstad, Berge"]
[Result "1-0"]
[WhiteElo "2500"]
[BlackElo "2410"]

1.d4 Nf6 2.c4 g6 3.Nc3 d5 4.cxd5 Nxd5 5.e4 Nxc3 6.bxc3 Bg7 7.Bc4 O-O 8.Ne2 Nc6
9.O-O b6 10.Be3 Bb7 11.Rb1 Qd7 12.Bb5 a6 13.Bd3 Rad8 14.Ng3 Na5 15.Qd2 e5
16.d5 f5 17.Bg5 Ra8 18.f3 f4 19.Ne2 Rf7 20.Bh4 Bf8 21.Bf2 Bc8 22.Nc1 g5 23.Be2 h5
24.c4 g4 25.Nd3 Nxc4 26.Qc3 b5 27.Nxe5 Nxe5 28.Qxe5 g3 29.hxg3 Bd6 30.Qxh5 Rh7
31.Qg4+ Qxg4 32.fxg4 fxg3 33.Bd4 Bd7 34.e5 Re8 35.Bd3  1-0

[Event "Gausdal Int"]
[Site "Gausdal"]
[Date "1990.??.??"]
[Round "9"]
[White "Chekhov, Valery A"]
[Black "Stefansson, Hannes"]
[Result "1/2-1/2"]
[WhiteElo "2495"]
[BlackElo "2420"]

1.d4 Nf6 2.c4 g6 3.Nc3 d5 4.cxd5 Nxd5 5.e4 Nxc3 6.bxc3 Bg7 7.Bc4 c5 8.Ne2 O-O
9.Be3 Nc6 10.Rc1 Na5 11.Bd3 e5 12.dxe5 c4 13.Bc2 Bxe5 14.O-O b6 15.Qe1 Qe7
16.f4 Bg7 17.Qf2 f5 18.e5 Bb7 19.Nd4 Rad8 20.Rcd1 Bd5 21.Rd2 Nc6 22.Nb5 Be6
23.Nd6 Kh8 24.Rfd1 g5 25.g3 gxf4 26.gxf4 Qc7 27.Qh4 Rg8 28.Rg2 Nxe5 29.fxe5 Bxe5
30.Bd4 Rxg2+ 31.Kxg2 Qg7+ 32.Qg3 Bd5+ 33.Kg1 Bxd4+ 34.Rxd4 Rxd6 35.Bxf5 Qe7
36.Be4 Re6 37.Qb8+ Kg7 38.Qg3+ Kh8 39.Qb8+ Kg7 40.Qg3+ Kh8  1/2-1/2

[Event "GEO-ch (Women)"]
[Site "?"]
[Date "1990.??.??"]
[Round "8"]
[White "Lanchava, Tea"]
[Black "Arakhamia, Ketevan"]
[Result "0-1"]
[WhiteElo "2060"]
[BlackElo "2385"]

1.d4 Nf6 2.c4 g6 3.Nc3 d5 4.cxd5 Nxd5 5.e4 Nxc3 6.bxc3 Bg7 7.Nf3 c5 8.Rb1 O-O
9.Be2 Nc6 10.d5 Ne5 11.Nxe5 Bxe5 12.O-O Bxc3 13.Qc2 Bd4 14.Bh6 Re8 15.Kh1 e6
16.dxe6 Bxe6 17.Rxb7 Qh4 18.Be3 Bxe3 19.fxe3 c4 20.Bxc4 Rec8 21.Rb4 a5 22.Ra4 Rc5
23.g3 Qh3 24.Qd3 Rac8 25.Bxe6 fxe6 26.Rd4 Rc2 27.Rd8+ Kg7 28.Rf7+ Kh6  0-1

[Event "BL2-S8990"]
[Site "Germany"]
[Date "1990.??.??"]
[Round "?"]
[White "Trettin, Ulrich"]
[Black "Kindl, Peter"]
[Result "0-1"]
[WhiteElo "2280"]
[BlackElo "2345"]

1.d4 Nf6 2.c4 g6 3.Nc3 d5 4.cxd5 Nxd5 5.e4 Nxc3 6.bxc3 Bg7 7.Nf3 O-O 8.Rb1 c5
9.Be2 cxd4 10.cxd4 Qa5+ 11.Qd2 Qxd2+ 12.Bxd2 b6 13.O-O Bb7 14.d5 Ba6 15.Rfe1 Bxe2
16.Rxe2 Na6 17.Be3 Rfc8 18.Bd4 Nc5 19.Bxg7 Kxg7 20.e5 Rd8 21.Rd1 Na4 22.Rd4 Nc3
23.Red2 Rd7 24.Ng5 Rad8 25.Nxf7 Re8 26.f4 Rxd5 27.Ng5 Rxd4 28.Ne6+ Kf7 29.Nxd4 Rd8
30.Rc2 Rxd4 31.Rxc3 Rxf4 32.g3 Ra4  0-1

[Event "BL2-SW8990"]
[Site "Germany"]
[Date "1990.??.??"]
[Round "?"]
[White "Fecht, Hans Peter"]
[Black "Herbrechtsmeier, Christof"]
[Result "1-0"]
[WhiteElo "2260"]
[BlackElo "2310"]

1.d4 Nf6 2.c4 g6 3.Nc3 d5 4.cxd5 Nxd5 5.e4 Nxc3 6.bxc3 Bg7 7.Bc4 Qd7 8.Nf3 O-O
9.O-O b6 10.Qd3 Nc6 11.Bb5 a6 12.Ba4 Bb7 13.Rd1 Rfd8 14.Bf4 b5 15.Bc2 e6
16.Rab1 Qe7 17.e5 Qa3 18.Ng5 Ne7 19.Bc1 Qa5 20.Qh3 h6 21.Ne4 Bxe4 22.Bxe4 Qxa2
23.Bxh6 Nd5 24.Rbc1 Qa3 25.Bg5 Rd7 26.Qh4 Rf8 27.Rd3 f5 28.c4 Qxc1+ 29.Bxc1 fxe4
30.Rh3 bxc4 31.Qxe4 Ne7 32.Ba3 Rfd8 33.Bc5 Nf5 34.g4 Nxd4 35.Bxd4 Rxd4 36.Qxg6 Rf4
37.Qxe6+ Kf8 38.Rh5 Re8 39.Rf5+ Rxf5 40.Qxf5+ Kg8 41.e6 Re7 42.Kf1 a5 43.Qxa5 Rxe6
44.Qd5 Kf7 45.Qxc4 Be5 46.f4  1-0

[Event "BL2-SW8990"]
[Site "Germany"]
[Date "1990.??.??"]
[Round "?"]
[White "Schienmann, Bruno"]
[Black "Pfrommer, Christoph"]
[Result "0-1"]
[WhiteElo "2245"]
[BlackElo "2300"]

1.d4 Nf6 2.c4 g6 3.Nc3 d5 4.cxd5 Nxd5 5.e4 Nxc3 6.bxc3 Bg7 7.Nf3 O-O 8.Rb1 c5
9.Be2 cxd4 10.cxd4 Qa5+ 11.Qd2 Qxd2+ 12.Bxd2 b6 13.d5 Na6 14.O-O Nc5 15.e5 Bb7
16.d6 exd6 17.exd6 Rfd8 18.Bb4 Bd5 19.Rfd1 Bxa2 20.Rbc1 Bb3 21.Re1 Rxd6 22.Ng5 Re8
23.Bb5 Rxe1+ 24.Rxe1 Rd1 25.Rxd1 Bxd1 26.Bxc5 bxc5 27.Bc4 Bd4 28.Bxf7+ Kg7
29.Bc4 a5 30.Nf3 a4 31.Nd2 Bb3 32.Nb1 Bxc4  0-1

[Event "Bundesliga 8990"]
[Site "Germany"]
[Date "1990.??.??"]
[Round "?"]
[White "Vogel, Robert"]
[Black "Schoen, Wolfram"]
[Result "1/2-1/2"]
[WhiteElo "2320"]
[BlackElo "2375"]

1.d4 Nf6 2.c4 g6 3.Nc3 d5 4.cxd5 Nxd5 5.e4 Nxc3 6.bxc3 Bg7 7.Bc4 c5 8.Ne2 Nc6
9.Be3 cxd4 10.cxd4 b5 11.Bb3 O-O 12.O-O Bb7 13.d5 Na5 14.Bd4 Bxd4 15.Qxd4 Qd7
16.Rfc1 Rfd8 17.Rc5 a6 18.Rac1 Rac8 19.Rxc8 Rxc8 20.Rxc8+ Qxc8 21.h4 Qc7
22.h5 Nxb3 23.axb3 a5 24.e5 f6 25.exf6 exf6 26.d6 Qd8 27.Nf4 Bc8 28.hxg6 hxg6
29.Nxg6 Be6 30.Qd3 a4 31.bxa4 bxa4 32.Nf4 Bf7 33.Qa3 Qd7 34.Qc5 Be6 35.g3 Kf7
36.Qb4 Bb3 37.Qc5 Be6 38.Kh2 Bb3 39.Qh5+ Kf8 40.Ng6+ Kg7 41.Nh4 Bc2 42.Qc5 Be4
43.Qd4 Bh7 44.Ng2 Bg8 45.Nf4 Bf7 46.Qc5 Kf8 47.Ne2 Be6 48.Kg1 Bf5 49.Nc3 Kg7
50.Nd5 Be4 51.Nc3 Bc6 52.Kh2 Kf8 53.Kg1 Kg7 54.Ne2 Be4 55.Nf4 Qc6 56.Ne6+ Kg8
57.Qxc6 Bxc6 58.Nd4 Bd7 59.Kf1 a3 60.Ke1 a2 61.Nb3 Kf7 62.Kd2 Ke6 63.Kc3 Ba4
64.Na1 Kxd6 65.Kb2 Ke5 66.Kxa2 Ke4 67.Nb3 Bxb3+  1/2-1/2

[Event "Bundesliga 8990"]
[Site "Germany"]
[Date "1990.??.??"]
[Round "?"]
[White "Seul, Georg"]
[Black "Hausner, Ivan"]
[Result "1/2-1/2"]
[WhiteElo "2350"]
[BlackElo "2440"]

1.d4 Nf6 2.c4 g6 3.Nc3 d5 4.cxd5 Nxd5 5.e4 Nxc3 6.bxc3 Bg7 7.Bc4 O-O 8.Ne2 Nc6
9.Bg5 b6 10.O-O Bb7 11.Qd2 Qd6 12.Rad1 Rad8 13.Bd5 Rc8 14.f4 e6 15.Bb3 Na5
16.f5 Nxb3 17.axb3 exf5 18.exf5 Rfe8 19.Ng3 c5 20.f6 Bf8 21.Bh6 cxd4 22.cxd4 Bxh6
23.Qxh6 Qf8 24.Qd2 Rcd8 25.h4 Bd5 26.h5 Bxb3 27.hxg6 fxg6 28.Qg5 Rd5 29.Qf4 Rd7
30.Rc1 Qd6 31.Qxd6 Rxd6 32.Rc7 Bf7 33.Rxa7 Rxd4 34.Rb7 Rd6 35.Rf4 h6 36.Rb4 Rxf6
37.R7xb6 Re1+ 38.Kh2 Rxb6 39.Rxb6 h5 40.Rb2 Kg7 41.Rf2 Bc4 42.Rc2 Bd3 43.Rd2 Re3
44.Rf2 Kh6 45.Nf1 Re1 46.Nd2 Re3 47.Rf3 Rxf3 48.Nxf3 Be4 49.Nd2 Bd5 50.Nf1 Kg5
51.Ne3 Be6 52.g3 Kf6 53.Kg2 Ke5 54.Kf3 g5 55.Kf2 Ke4 56.Nf1 Kd3 57.Ne3 Ke4
58.Nf1 Bg4 59.Ne3 Bh3 60.Nc4 Kd4 61.Ne3 Kd3 62.Nd5 Be6 63.Nf6 h4 64.gxh4 gxh4
65.Nh7 Bg4 66.Ng5  1/2-1/2

[Event "Bundesliga 8990"]
[Site "Germany"]
[Date "1990.??.??"]
[Round "?"]
[White "Schulte, Oliver"]
[Black "Schlick, Volker"]
[Result "1-0"]
[WhiteElo "2405"]
[BlackElo "2295"]

1.d4 Nf6 2.c4 g6 3.Nc3 d5 4.cxd5 Nxd5 5.e4 Nxc3 6.bxc3 Bg7 7.Nf3 c5 8.Rb1 O-O
9.Be2 Nc6 10.d5 Ne5 11.Nd2 f5 12.c4 fxe4 13.O-O b6 14.Rb3 Nd3 15.Bxd3 exd3
16.Ne4 Bf5 17.Ng3 Bd4 18.Bh6 Rf6 19.Be3 e5 20.Bg5 e4 21.Qe1 Qe8 22.Bxf6 Bxf6
23.Qe3 Bd4 24.Qf4 Be5 25.Qg5 Qf7 26.Nxe4 h6 27.Qe3 Re8 28.Ng3 Bd4 29.Qxh6 Re2
30.Qf4 Rxa2 31.Nxf5 Qxf5 32.Qxf5 gxf5 33.Rxd3 Rc2 34.Rf3 Rxc4 35.Rxf5 Rc2
36.d6 Rd2 37.Re1 Bg7 38.h4 Rxd6 39.Re8+ Kh7 40.Re7 Kh6 41.g4 Bb2 42.f4 Rd3
43.Rff7 Rg3+ 44.Kf2 Rxg4 45.Rh7+ Kg6 46.Kf3 Rg1 47.h5+ Kf5 48.Rhf7+  1-0

[Event "NRW-Liga I 8990"]
[Site "Germany"]
[Date "1990.??.??"]
[Round "?"]
[White "Starke, Dieter"]
[Black "Bakalarz, Mieczyslaw"]
[Result "0-1"]
[WhiteElo "2305"]
[BlackElo "2240"]

1.d4 Nf6 2.c4 g6 3.Nc3 d5 4.cxd5 Nxd5 5.e4 Nxc3 6.bxc3 Bg7 7.Nf3 c5 8.Rb1 O-O
9.Be2 cxd4 10.cxd4 Qa5+ 11.Qd2 Qxd2+ 12.Bxd2 b6 13.O-O e6 14.Rfc1 Bb7 15.Bb4 Rd8
16.Bb5 Bxe4 17.Be7 Bxb1 18.Bxd8 Be4 19.Be7 Nc6 20.Rxc6 Bxc6 21.Bxc6 Rc8 22.Bb5 Rc1+
23.Bf1 Ra1 24.g4 h6 25.h4 Rxa2 26.g5 hxg5 27.hxg5 a6 28.Kg2 Bf8 29.Bd8 b5
30.Ne5 Bd6 31.Nd7 Rc2 32.Nf6+ Kf8 33.Ne4 Bc7 34.Bf6 Rc6 35.Kf3 b4 36.Nc5 Bd6
37.Ne4 b3 38.Bd3 Bb4 39.Nc5 Bxc5 40.dxc5 Rxc5 41.Bxa6 e5 42.Bd3 Rc3 43.Ke4 b2
44.Bxe5 Rxd3 45.Bxb2 Rb3 46.Bf6 Ke8 47.f4 Kd7 48.Kd5 Rb5+ 49.Kd4 Ke6 50.Ke4 Rb4+
51.Kf3 Kf5  0-1

[Event "Bundesliga 8990"]
[Site "Germany"]
[Date "1990.??.??"]
[Round "?"]
[White "Lobron, Eric"]
[Black "Steinbacher, Matthias"]
[Result "1-0"]
[WhiteElo "2545"]
[BlackElo "2335"]

1.d4 Nf6 2.c4 g6 3.Nc3 d5 4.cxd5 Nxd5 5.e4 Nxc3 6.bxc3 Bg7 7.Nf3 O-O 8.Be2 c5
9.Rb1 Qa5 10.O-O Qxa2 11.Bg5 cxd4 12.cxd4 Nd7 13.Bxe7 Re8 14.Ra1 Qe6 15.Bb4 Qxe4
16.Bc4 Qf4 17.Re1 Nf6 18.Qb3 Be6 19.Bxe6 fxe6 20.Rxe6 Rxe6 21.Qxe6+ Kh8 22.Ne5 Re8
23.Be7 Ng8 24.Nf7+ Qxf7 25.Qxf7 Rxe7 26.Qc4 h5 27.g3 Rd7 28.Rxa7 Kh7 29.Qc8 Rxd4
30.Qxb7  1-0